Enciclopedia Colombia a su alcance / dirección editorial, Gabriel Iriarte Núñez (Registro nro. 48871)
[ vista simple ]
| 000 -LÍDER | |
|---|---|
| Campo fijo de descripción fija | 003060000a22001090004500 |
| 082 04 - NÚMERO DE CLASIFICACIÓN DECIMAL DEWEY | |
| Número de clasificación | CD 089 |
| 001 - NÚMERO DE CONTROL | |
| Campo de control | 1713 |
| 245 10 - TÍTULO | |
| Título del Material | Enciclopedia Colombia a su alcance / dirección editorial, Gabriel Iriarte Núñez |
| 260 ## - PUBLICACIÓN, DISTRIBUCIÓN, ETC. (PIE DE IMPRENTA) | |
| Lugar de publicación, distribución, etc. | Bogotá : Espasa |
| 650 14 - ASIENTO SECUNDARIO DE MATERIA - TERMINO TEMÁTICO | |
| Término temático o nombre geográfico como elemento de entrada | Colombia - Historia - Enciclopedia- Cd-rom |
| 942 ## - TIPO DE MATERIAL (KOHA) | |
| Tipo de Item KOHA | Z- Libro General BINCO |
| Estado de Material | Estado de Perdido | Volumen-Parte/Tomo | Estado de Dañado | No para Préstamo | Tomo | Biblioteca de Origen | Biblioteca Permanente | Fecha de Adquisición | Total de Préstamos | Signatura Topográfica | Código de Barras | Última vez visto | Ejemplar/Existencia | Fecha de Remplazo | Tipo de Material |
|---|---|---|---|---|---|---|---|---|---|---|---|---|---|---|---|
| Biblioteca Infantil Comunitaria BINCO | Biblioteca Infantil Comunitaria BINCO | 24/10/2008 | CD 089 | B32234 | 24/11/2016 | 1 | 26/01/2016 | Z- Libro General BINCO |
